000 00712nam a22002175i 4500
001 167920
003 ES-MaACL
005 20250814031829.0
008 050930s1858 xxk | |||||||| ||eng d
040 _aCAM
_bspa
_cCAM
080 _a001(09)
100 1 _aWhewell, William.
_9133919
245 1 0 _aHistory of scientific ideas /
_cby William Whewell.
250 _a3th ed.
260 _aLondon :
_bJohn W. Parker and son,
_c1858 (
_eCambridge :
_fprinted by C.J. Clay)
300 _a2 v. (XVI, 386; XV, 324 p.) ;
_c19 cm.
650 7 _aCiencias naturales
_2embne
_910984
752 _aGran BretaƱa -
_dLondres
852 _aES-MaACL
_jG-13489-90
_z-- Enc. tela
999 _c167920
_d167920